00632 2200181 4500245004500000020001800045250001100063100001400074700001500088650003300103005001900136260004700155041001400202084001000216300002500226500019000251336000900441 aPernak-Pernik dari LautcSupriyonohText a979-9415-94-2 aCet. 2 aSupriyono anurul Enny aKerajinan Tangan dari Kerang a20241014100914 aSurabayabSurabaya Intellectual Clubc2020 aIndonesia a745.5 aiv, 43 hlm. :cilus. aBuku ini memaparkan tentang pengolahan kerang menjadi benda pakai atau benda hias.. Buku ini juga dilengkapi dengan gambar-gambar dan sketsa dalam proses pembuatan benda-benda tersebut. atext